| 000 | 01235nam a22003497a 4500 | ||
|---|---|---|---|
| 003 | CHAP | ||
| 005 | 20220329134025.0 | ||
| 008 | 971013s1977 r 00010 d | ||
| 010 | _a14259 | ||
| 011 | _a15231 | ||
| 035 | _a19306 | ||
| 040 | _cCHAP | ||
| 090 | _aTesis | ||
| 100 | 0 | 0 |
_aGonzález Ramos, Javier. _949321 |
| 245 | _aRespuesta a diferentes niveles de fertilización en tomate (Licopersicon esculentum Mill) de estacado en General Escobedo, N.L. | ||
| 260 |
_aMonterrey, N.L. : _bEl autor, _c1977 |
||
| 300 | _a41 h | ||
| 502 | _aTesis (Ing. Agrónomo Fitotecnista) -- Univ. Autónoma de Nuevo León. Fac. de Agronomía | ||
| 590 |
_aALEPH _b10 _c20130110 _lUCH01 _h1235 |
||
| 590 |
_aBATCH-UPD _b10 _c20130110 _lUCH01 _h0223 |
||
| 590 |
_aBATCH-UPD _b10 _c20130110 _lUCH01 _h1118 |
||
| 590 |
_aBATCH-UPD _b10 _c20130409 _lUCH01 _h2244 |
||
| 590 |
_aBATCH-UPD _b10 _c20130410 _lUCH01 _h1601 |
||
| 590 |
_aBATCH-UPD _b10 _c20130914 _lUCH01 _h1402 |
||
| 590 |
_aCONVERSION _b10 _c20130109 _lUCH01 _h1309 |
||
| 650 | 1 | 4 |
_aFertilizantes _xEfecto en tomate. _940556 |
| 650 | 1 | 4 |
_aTomate _xNuevo León. _9113746 |
| 650 | 1 | 4 |
_aTomate _xRendimiento. _9113761 |
| 901 | _aBK | ||
| 942 | _cTESIS | ||
| 949 |
_bBC _cTES _d-44846 _eTS1 _i19306 _si |
||
| 999 |
_c14259 _d14259 |
||